[Event "Women's Speed Chess Q5"]
[Site "chess.com INT"]
[Date "2020.06.22"]
[Round "10"]
[White "Vargas, Gabriela"]
[Black "Tarleva, Vira"]
[Result "1-0"]
[WhiteTitle "WIM"]
[BlackTitle "WFM"]
[WhiteElo "2170"]
[BlackElo "2030"]
[WhiteFideId "3700860"]
[BlackFideId "14116693"]
[EventDate "2020.06.22"]

1. d4 d5 2. Nf3 Nf6 3. Bg5 e6 4. Nbd2 Be7 5. e3 h6 6. Bh4 c5 7. c3 Nc6 8. Bd3
O-O 9. O-O Nd7 10. Bxe7 Qxe7 11. e4 dxe4 12. Nxe4 cxd4 13. cxd4 Nf6 14. Qe2 Nd5
15. g3 b6 16. Rac1 Bb7 17. a3 Rac8 18. Bb1 Nb8 19. Qd3 Ba6 20. Qd2 Bxf1 21. Rxf1
Nd7 22. Qd3 N7f6 23. h4 Nxe4 24. Qxe4 Nf6 25. Qd3 Rfd8 26. Ng5 hxg5 27. hxg5 g6
28. gxf6 Qxf6 29. Rd1 Rd6 30. Qe3 Kg7 31. Kg2 Rcd8 32. Rh1 Kf8 33. Rh7 Rxd4 34.
Qh6+ Ke7 35. Bxg6 Rf8 36. Rg7 Kd6 37. Rh7 Qxg6 38. Qxf8+ Ke5 39. Qb8+ Kf6 40.
Qh8+ Ke7 41. Rxf7+ Qxf7 42. Qxd4 Qf6 43. Qxf6+ Kxf6 44. Kf3 Ke5 45. Ke3 Kd5 46.
f4 Kc4 47. g4 b5 48. g5 1-0

[Event "Women's Speed Chess Q5"]
[Site "chess.com INT"]
[Date "2020.06.22"]
[Round "10"]
[White "Ramirez, Maria Eugenia"]
[Black "Jakubowska, Anna"]
[Result "0-1"]
[WhiteTitle "WFM"]
[BlackTitle "WIM"]
[WhiteElo "2057"]
[BlackElo "2073"]
[WhiteFideId "3301680"]
[BlackFideId "1121952"]
[EventDate "2020.06.22"]

1. e4 c6 2. d4 d5 3. exd5 cxd5 4. c4 dxc4 5. Bxc4 Nf6 6. Nf3 e6 7. Nc3 Be7 8.
O-O O-O 9. d5 exd5 10. Nxd5 Nxd5 11. Bxd5 Nc6 12. Be3 Bg4 13. Bxc6 bxc6 14. Qxd8
Rfxd8 15. Ne5 Bd7 16. Rac1 Be8 17. Nxc6 Rd7 18. Nxe7+ Rxe7 19. b3 a5 20. Rfd1 f6
21. Rc4 Kf7 22. Rdc1 Ke6 23. Re4+ Kf7 24. Rxe7+ Kxe7 25. Rc7+ Bd7 26. Bc5+ Kd8
27. Bb6 Ke7 28. Rc5 a4 29. b4 Rc8 30. a3 Ke6 31. f3 Rxc5 32. Bxc5 Kd5 33. Bf8 g6
34. Kf2 Kc4 35. Bg7 f5 36. Bf8 Bb5 37. Bh6 Kb3 38. Bc1 Kc2 39. Be3 Kb2 40. Ke1
Kxa3 41. Bc5 Kb2 42. Kd2 a3 43. Bd4+ Kb1 44. g4 fxg4 45. fxg4 a2 46. Ke3 a1=Q
47. Bxa1 Kxa1 48. Kd4 Kb2 49. Kc5 Be2 50. g5 Kc3 51. Kd6 Kxb4 52. Ke7 Kc5 0-1

[Event "Women's Speed Chess Q5"]
[Site "chess.com INT"]
[Date "2020.06.22"]
[Round "10"]
[White "Osmak, Iulija"]
[Black "Hoang, Thi Bao Tram"]
[Result "1-0"]
[WhiteTitle "IM"]
[BlackTitle "WGM"]
[WhiteElo "2438"]
[BlackElo "2288"]
[WhiteFideId "14101602"]
[BlackFideId "12401102"]
[EventDate "2020.06.22"]

1. d4 d5 2. c4 c6 3. cxd5 cxd5 4. Nc3 Nf6 5. Bf4 e6 6. e3 Bd7 7. Nf3 Qb6 8. Qd2
Bb4 9. Bd3 Ne4 10. Bxe4 dxe4 11. Ng5 f5 12. O-O h6 13. Nh3 O-O 14. f3 exf3 15.
Rxf3 Nc6 16. Rg3 Kh7 17. Nf2 Ne7 18. Nd3 Ng6 19. Rxg6 Kxg6 20. Ne5+ Kh7 21. Nxd7
Qc6 22. Nxf8+ Rxf8 23. Rf1 Rc8 24. Rc1 Qa6 25. a3 Ba5 26. Be5 Rc4 27. h3 Qc6 28.
Kh2 b5 29. Qd3 a6 30. d5 Bxc3 31. Bxc3 exd5 32. Qxf5+ Kg8 33. Rf1 Qc7+ 34. Be5
Qe7 35. Bd4 Rc7 36. Qxd5+ Kh7 37. Qf5+ Kg8 38. Qe5 Qd7 39. Rf3 Kh7 40. Rg3 Qf7
41. Qe4+ g6 42. Rf3 Qd7 43. Qe5 Rc8 44. Qf6 Qc7+ 45. Be5 Qb7 46. Qf7+ 1-0

[Event "Women's Speed Chess Q5"]
[Site "chess.com INT"]
[Date "2020.06.22"]
[Round "10"]
[White "Divya, Deshmukh"]
[Black "Gunina, Valentina"]
[Result "0-1"]
[WhiteTitle "WIM"]
[BlackTitle "GM"]
[WhiteElo "2305"]
[BlackElo "2431"]
[WhiteFideId "35006916"]
[BlackFideId "4167570"]
[EventDate "2020.06.22"]

1. e4 c6 2. d4 d5 3. exd5 cxd5 4. Bd3 Nc6 5. c3 Qc7 6. Na3 a6 7. Nc2 e5 8. dxe5
Nxe5 9. Ne2 Bd6 10. h3 Ne7 11. Ncd4 O-O 12. O-O Bd7 13. Be3 Nxd3 14. Qxd3 Rae8
15. Rac1 Ng6 16. Rfe1 Ne5 17. Qc2 Nc4 18. Bg5 h6 19. Bh4 f5 20. b3 Na3 21. Qd3
Rf7 22. Ng3 Re5 23. Rxe5 Bxe5 24. Ngxf5 Bxd4 25. Nxd4 Qf4 26. Re1 Qxh4 27. Re2
Qf4 28. Nf3 Qf5 29. Qd4 Nb5 30. Qc5 Qf4 31. a4 Qc1+ 32. Re1 Qxc3 33. Qxd5 Nc7
34. Qxb7 Rxf3 35. Qxf3 Qxe1+ 36. Kh2 Qe5+ 37. g3 Nd5 38. a5 Bb5 39. Qg4 Nf6 40.
Qc8+ Kh7 41. Qc2+ Qe4 42. Qd2 Qf3 43. Qc2+ Ne4 44. Kg1 Bd3 45. Qb2 Qd1+ 46. Kg2
Nd2 0-1

[Event "Women's Speed Chess Q5"]
[Site "chess.com INT"]
[Date "2020.06.22"]
[Round "10"]
[White "Padmini, Rout"]
[Black "Sukandar, Irine Kharisma"]
[Result "1-0"]
[WhiteTitle "IM"]
[BlackTitle "IM"]
[WhiteElo "2370"]
[BlackElo "2413"]
[WhiteFideId "5029295"]
[BlackFideId "7101937"]
[EventDate "2020.06.22"]

1. e4 c5 2. Nf3 Nc6 3. Nc3 g6 4. Bb5 Bg7 5. Bxc6 dxc6 6. O-O e5 7. d3 Bg4 8. h3
Bxf3 9. Qxf3 Ne7 10. Be3 b6 11. Qe2 O-O 12. f4 exf4 13. Bxf4 f5 14. e5 Nd5 15.
Nxd5 cxd5 16. Rae1 d4 17. Qf3 Re8 18. e6 Qe7 19. Re2 Rad8 20. Rfe1 Bf6 21. g3
Qg7 22. h4 h6 23. Qc6 g5 24. hxg5 hxg5 25. Bd6 Be7 26. Bc7 Rc8 27. Qd7 Qg6 28.
Bd6 Bxd6 29. Qxd6 Rcd8 30. Qc7 Qg7 31. e7 Rc8 32. Qd7 1-0

[Event "Women's Speed Chess Q5"]
[Site "chess.com INT"]
[Date "2020.06.22"]
[Round "10"]
[White "Narva, Mai"]
[Black "Daulyte-Cornette, Deimante"]
[Result "1-0"]
[WhiteTitle "WIM"]
[BlackTitle "IM"]
[WhiteElo "2333"]
[BlackElo "2400"]
[WhiteFideId "4500512"]
[BlackFideId "12802859"]
[EventDate "2020.06.22"]

1. e4 Nf6 2. e5 Nd5 3. c4 Nb6 4. d4 d6 5. exd6 cxd6 6. Nc3 g6 7. Nf3 Bg7 8. h3
O-O 9. Be2 Bf5 10. O-O Nc6 11. Be3 d5 12. c5 Nc4 13. Bxc4 dxc4 14. d5 Nb4 15.
Nd4 Bd3 16. Re1 Nxd5 17. Nxd5 Qxd5 18. Nb5 Qd7 19. Nc3 e5 20. b3 e4 21. Rc1 cxb3
22. Qxb3 Rad8 23. Red1 Qc6 24. a4 Bd4 25. Bg5 Rd7 26. Nb5 a6 27. Nxd4 Rxd4 28.
Qb2 Qd5 29. Bh6 Rc8 30. a5 f6 31. Be3 Rd8 32. Bxd4 Qxd4 33. Qxb7 e3 34. fxe3
Qxe3+ 35. Kh2 Qf4+ 36. Kg1 Qe3+ 37. Kh2 Qf4+ 38. Kh1 Qg3 39. Qf3 Qxf3 40. gxf3 1-0

[Event "Women's Speed Chess Q5"]
[Site "chess.com INT"]
[Date "2020.06.22"]
[Round "10"]
[White "Kalinina, Larisa"]
[Black "De Seroux, Camille"]
[Result "0-1"]
[WhiteTitle "WIM"]
[BlackTitle "WIM"]
[WhiteElo "2131"]
[BlackElo "2137"]
[WhiteFideId "14106361"]
[BlackFideId "1305620"]
[EventDate "2020.06.22"]

1. e4 c5 2. Nf3 d6 3. d4 cxd4 4. Nxd4 Nf6 5. Nc3 Nc6 6. f4 e6 7. Nf3 Be7 8. Bd3
O-O 9. O-O a6 10. a4 Bd7 11. Qe1 Rc8 12. e5 dxe5 13. fxe5 Ne8 14. Qe4 g6 15. Bh6
Ng7 16. Qf4 f6 17. exf6 Rxf6 18. Qe4 Nb4 19. Qxb7 Bc6 20. Qa7 Nxd3 21. cxd3 Bxf3
22. Rxf3 Bc5+ 23. Qxc5 Rxc5 24. Ne4 Rxf3 25. gxf3 Rc2 26. Be3 Nf5 27. Bf2 Qxd3
28. Ng5 Qd2 29. Ne4 Qe2 30. Rf1 Ne3 31. Re1 Qxf3 32. Rxe3 Rc1+ 33. Re1 Rxe1+ 34.
Bxe1 Qxe4 35. Kf1 Qxa4 36. Bc3 Qb5+ 37. Kg2 a5 38. Kf3 a4 39. Ke3 Kf7 40. Kd2
Qb3 0-1

[Event "Women's Speed Chess Q5"]
[Site "chess.com INT"]
[Date "2020.06.22"]
[Round "10"]
[White "Smirnova, Ekaterina"]
[Black "Foisor, Sabina-Francesca"]
[Result "1/2-1/2"]
[WhiteTitle "WIM"]
[BlackTitle "WGM"]
[WhiteElo "2278"]
[BlackElo "2228"]
[WhiteFideId "4110943"]
[BlackFideId "1212915"]
[EventDate "2020.06.22"]

1. d4 d5 2. c4 c6 3. Nc3 Nf6 4. e3 g6 5. Nf3 Bg7 6. Bd3 O-O 7. O-O a6 8. e4 dxe4
9. Nxe4 Nxe4 10. Bxe4 Nd7 11. h3 e5 12. Bg5 Qb6 13. dxe5 Nxe5 14. Nxe5 Bxe5 15.
Rb1 Be6 16. Qc2 Qc5 17. Be3 Qxc4 18. b3 Qxc2 19. Bxc2 Rad8 20. Rfd1 Rxd1+ 21.
Rxd1 Bd5 22. Kf1 f5 23. f4 Bf6 24. Kf2 Re8 25. g3 Kf7 26. Bd3 h5 27. Be2 Ke6 28.
h4 Kd6 29. Bd4 Bxd4+ 30. Rxd4 Re4 31. Rxe4 Bxe4 32. b4 b5 33. Ke3 c5 34. bxc5+
Kxc5 35. a3 Bd5 36. Bd1 Kc4 37. Kd2 Be4 38. Ke3 Bc6 39. Kd2 a5 40. Bc2 b4 41.
axb4 axb4 42. Bd1 b3 43. Kc1 Be4 44. Kb2 Kd4 45. Bxb3 Ke3 46. Bf7 Kf3 47. Bxg6
Kxg3 48. Bxh5 Kxf4 49. Bg6 Bf3 50. Bxf5 Kxf5 51. h5 Bxh5 1/2-1/2

[Event "Women's Speed Chess Q5"]
[Site "chess.com INT"]
[Date "2020.06.22"]
[Round "10"]
[White "Vifleemskaia, Svetlana"]
[Black "Zhukova, Natalia"]
[Result "0-1"]
[WhiteTitle "WFM"]
[BlackTitle "GM"]
[WhiteElo "1943"]
[BlackElo "2328"]
[WhiteFideId "4129490"]
[BlackFideId "14101513"]
[EventDate "2020.06.22"]

1. d4 Nf6 2. c4 c5 3. d5 b5 4. Nd2 bxc4 5. e4 c3 6. bxc3 d6 7. c4 g6 8. Bb2 Bg7
9. Bc3 O-O 10. Ngf3 Nbd7 11. h3 Nb6 12. Qc2 Bd7 13. Rb1 e6 14. Bd3 exd5 15. cxd5
Re8 16. O-O c4 17. Nxc4 Nxc4 18. Bxf6 Qxf6 19. Qxc4 Bxh3 20. Rb7 Qf4 21. Nh2 Qg5
22. g3 Bxf1 23. Bxf1 Rac8 24. Rc7 Rxc7 25. Qxc7 Bd4 26. Kg2 Qd2 27. Ng4 h5 28.
Qd7 Rf8 29. Qxd6 hxg4 30. Qf4 Qxf4 31. gxf4 Rb8 32. Kg3 f5 33. e5 Rb2 34. Bc4
Kf8 35. Kh4 Bxf2+ 36. Kg5 Ke7 37. d6+ Kd8 38. Kf6 Bh4+ 39. Kf7 Rd2 40. Bb5 g3 0-1

[Event "Women's Speed Chess Q5"]
[Site "chess.com INT"]
[Date "2020.06.22"]
[Round "10"]
[White "Cholleti, Sahajasri"]
[Black "Nandhidhaa, P V"]
[Result "1/2-1/2"]
[WhiteTitle "WIM"]
[BlackTitle "WGM"]
[WhiteElo "2235"]
[BlackElo "2365"]
[WhiteFideId "5045118"]
[BlackFideId "5050847"]
[EventDate "2020.06.22"]

1. d4 Nf6 2. Nc3 d5 3. Bf4 a6 4. e3 e6 5. g4 c5 6. g5 Nfd7 7. Nf3 Nc6 8. a3 b5
9. h4 Bb7 10. h5 Rc8 11. Qd2 Na5 12. Rh3 Nc4 13. Bxc4 dxc4 14. d5 e5 15. Bg3 b4
16. Ne4 Nb6 17. Nxe5 Qxd5 18. Rh4 Qxd2+ 19. Nxd2 Be7 20. h6 g6 21. Ndxc4 Nxc4
22. Nxc4 O-O 23. Nd6 Bxd6 24. Bxd6 Rfd8 25. Rd1 Rc6 26. Be5 Rxd1+ 27. Kxd1 a5
28. axb4 axb4 29. b3 Re6 30. Bb2 Re4 31. Rxe4 Bxe4 32. Kd2 Kf8 33. c3 Ke7 34.
cxb4 cxb4 35. Bd4 Kd6 36. Bg7 Kc5 37. Bf8+ Kb5 38. Kc1 Bd5 39. Kb2 Ka5 40. Kc2
Kb5 41. Kb2 Ka5 42. f4 Kb5 43. Kc2 Ka5 44. Be7 Kb5 45. Bd6 Ka5 46. Be7 Kb5 47.
Bd6 Be4+ 48. Kb2 Bd5 49. Bf8 Ka5 50. Be7 Kb5 51. Bf8 Be4 52. Be7 Bd5 53. Bf8 1/2-1/2

[Event "Women's Speed Chess Q5"]
[Site "chess.com INT"]
[Date "2020.06.22"]
[Round "10"]
[White "Tokhirjonova, Gulrukhbegim"]
[Black "Papp, Petra"]
[Result "0-1"]
[WhiteTitle "WGM"]
[BlackTitle "WGM"]
[WhiteElo "2378"]
[BlackElo "2338"]
[WhiteFideId "14203626"]
[BlackFideId "739049"]
[EventDate "2020.06.22"]

1. Nf3 c5 2. e4 d6 3. d4 cxd4 4. Nxd4 Nf6 5. Nc3 a6 6. Qd3 e5 7. Nf5 Nc6 8. Bg5
Bxf5 9. exf5 Be7 10. Bxf6 Bxf6 11. Nd5 Ne7 12. O-O-O Nxd5 13. Qxd5 Be7 14. Bd3
O-O 15. h4 b5 16. g4 Bxh4 17. Kb1 Rc8 18. Be4 h6 19. Qxd6 Qxd6 20. Rxd6 Bxf2 21.
Rxa6 Rfd8 22. Rf1 Bd4 23. c3 Be3 24. Re1 Bd2 25. Re2 b4 26. Bb7 Rb8 27. Rb6 bxc3
28. bxc3 Bxc3 29. Kc2 Bd4 30. Rb3 Rd7 31. Be4 Rc7+ 32. Kb1 Rbc8 33. Re1 Kf8 34.
a3 Ke7 35. Bd3 Kf6 36. a4 Kg5 37. a5 Kxg4 38. a6 h5 39. Be4 h4 40. Bb7 Rd8 41.
Re4+ Kxf5 42. Rxh4 g5 43. Rh7 g4 44. Rh1 Kg5 45. Rc1 Rxc1+ 46. Kxc1 f5 47. Rb4
Ba7 48. Bg2 f4 49. Rb7 Be3+ 50. Kb1 f3 51. Bxf3 gxf3 52. a7 Bxa7 53. Rxa7 e4 54.
Rf7 Kg4 55. Kc2 e3 56. Kc3 e2 0-1

[Event "Women's Speed Chess Q5"]
[Site "chess.com INT"]
[Date "2020.06.22"]
[Round "10"]
[White "Vaishali, R"]
[Black "Kashlinskaya, Alina"]
[Result "1-0"]
[WhiteTitle "WGM"]
[BlackTitle "IM"]
[WhiteElo "2393"]
[BlackElo "2494"]
[WhiteFideId "5091756"]
[BlackFideId "4198026"]
[EventDate "2020.06.22"]

1. e4 e5 2. Nf3 Nf6 3. Nc3 Nc6 4. Bb5 Nd4 5. Bd3 Nxf3+ 6. Qxf3 Bc5 7. Bc4 O-O 8.
d3 h6 9. g4 d5 10. Nxd5 Nxg4 11. Ne3 Qh4 12. Qg3 Qxg3 13. hxg3 Nxe3 14. Bxe3
Bxe3 15. fxe3 Bg4 16. Kd2 Rad8 17. Raf1 Kh7 18. Bxf7 a5 19. Bc4 g5 20. a3 Kg7
21. Ke1 h5 22. Rh2 Kg6 23. Rhf2 Rxf2 24. Rxf2 Rd7 25. Rf8 h4 26. gxh4 gxh4 27.
Rg8+ Rg7 28. Rxg7+ Kxg7 29. Kf2 Kf6 30. d4 Bd1 31. Bd3 Bg4 32. c3 Be6 33. b4
axb4 34. axb4 b6 35. c4 Bg4 36. Kg2 Be6 37. Kf3 Bc8 38. Kg2 Be6 39. Kh2 Bc8 40.
Bf1 Be6 41. c5 Bd7 42. Bh3 Bb5 43. Bf5 Bf1 44. d5 Kg5 45. d6 cxd6 46. cxb6 Ba6
47. Be6 1-0

[Event "Women's Speed Chess Q5"]
[Site "chess.com INT"]
[Date "2020.06.22"]
[Round "10"]
[White "Batsiashvili, Nino"]
[Black "Stefanova, Antoaneta"]
[Result "1/2-1/2"]
[WhiteTitle "GM"]
[BlackTitle "GM"]
[WhiteElo "2457"]
[BlackElo "2462"]
[WhiteFideId "13602993"]
[BlackFideId "2902257"]
[EventDate "2020.06.22"]

1. d4 d5 2. Nf3 Nf6 3. Bf4 e6 4. Nbd2 Bd6 5. Bg5 h6 6. Bxf6 gxf6 7. e4 dxe4 8.
Nxe4 Be7 9. Bd3 b6 10. Qe2 Bb7 11. O-O-O Nd7 12. Rhe1 f5 13. Ng3 Kf8 14. c4 Nf6
15. d5 f4 16. Ne4 exd5 17. cxd5 Nxd5 18. Bc4 c6 19. Kb1 Bb4 20. Nfd2 b5 21. Bb3
a5 22. a3 Be7 23. Nf3 a4 24. Bxd5 cxd5 25. Nc3 Bf6 26. Nd4 b4 27. axb4 a3 28.
Qb5 Qc8 29. Nxd5 Bxd5 30. Qxd5 axb2 31. Kxb2 Kg7 32. Kb3 Rd8 33. Nf5+ Kf8 34.
Qc5+ Qxc5 35. Rxd8+ Rxd8 36. bxc5 Rd5 37. Nd6 Rxc5 38. Ne4 Rc6 39. Nxf6 Rxf6 40.
Kc3 Rg6 41. g3 fxg3 42. hxg3 Rd6 43. Re3 Kg7 44. Rd3 Rf6 45. f3 h5 46. Kd2 Rg6
47. f4 Ra6 48. Ke3 Kg6 49. Kf3 f6 50. Re3 Rb6 51. Rd3 Ra6 52. Re3 Rb6 53. Rd3
Ra6 1/2-1/2

[Event "Women's Speed Chess Q5"]
[Site "chess.com INT"]
[Date "2020.06.22"]
[Round "10"]
[White "Muminova, Nafisa"]
[Black "Sihite, Chelsie Monica Ignesias"]
[Result "1-0"]
[WhiteTitle "WGM"]
[BlackTitle "WIM"]
[WhiteElo "2274"]
[BlackElo "2252"]
[WhiteFideId "14201526"]
[BlackFideId "7101198"]
[EventDate "2020.06.22"]

1. d4 b6 2. Nc3 g6 3. e4 Bb7 4. Nf3 Bg7 5. Bd3 d6 6. Be3 Nd7 7. Qd2 c5 8. dxc5
bxc5 9. O-O Ngf6 10. Bh6 O-O 11. Rfe1 Rc8 12. Rad1 Ng4 13. Bxg7 Kxg7 14. Qf4
Nge5 15. Nd5 Nxf3+ 16. Qxf3 Ne5 17. Qg3 e6 18. Nf4 Kh8 19. Bf1 Qe7 20. Nh3 Rcd8
21. f4 Nc6 22. c3 Rg8 23. Ng5 f6 24. Nf3 g5 25. fxg5 fxg5 26. Rd2 g4 27. Nh4 Ne5
28. Red1 Rg5 29. Qe3 Rh5 30. g3 Rxh4 31. gxh4 Nf3+ 32. Kh1 Nxd2 33. Rxd2 Qxh4
34. Bg2 Rg8 35. Rxd6 g3 36. h3 Rf8 37. Rxe6 Bc8 38. Rh6 Qf4 39. Qxf4 Rxf4 40.
Rd6 Bb7 41. Rd8+ Kg7 42. Rd7+ Rf7 43. Rxf7+ Kxf7 44. Bf3 h5 45. h4 Kf6 46. Kg2
Ke5 47. Kxg3 c4 48. Bxh5 Bxe4 49. Be2 Bd5 50. Bf3 Bg8 51. h5 Bh7 52. Be2 Kd5 53.
Kf4 a5 54. a3 Bc2 55. Bf3+ Kc5 56. Be4 Kb5 57. Bxc2 1-0

[Event "Women's Speed Chess Q5"]
[Site "chess.com INT"]
[Date "2020.06.22"]
[Round "10"]
[White "Dauletova, Gulmira"]
[Black "Xu, Yuanyuan"]
[Result "1-0"]
[WhiteTitle "WIM"]
[BlackTitle "WGM"]
[WhiteElo "2319"]
[BlackElo "2317"]
[WhiteFideId "13702971"]
[BlackFideId "8601089"]
[EventDate "2020.06.22"]

1. e4 c6 2. d4 d5 3. Nc3 dxe4 4. Nxe4 Bf5 5. Ng3 Bg6 6. h4 h6 7. Nf3 Nd7 8. h5
Bh7 9. Bd3 Bxd3 10. Qxd3 e6 11. Bd2 Ngf6 12. O-O-O Be7 13. Ne4 Nxe4 14. Qxe4 Nf6
15. Qe2 Qd5 16. Kb1 Rd8 17. Be3 Qb5 18. c4 Qf5+ 19. Ka1 Ng4 20. Bd2 O-O 21. Bc3
b5 22. Ne5 Nxe5 23. dxe5 bxc4 24. Qxc4 Qxf2 25. Qxc6 Rxd1+ 26. Rxd1 Qe2 27. Qf3
Qxf3 28. gxf3 Rd8 29. Rxd8+ Bxd8 30. Bd4 Bb6 31. Bxb6 axb6 32. a4 Kf8 33. Ka2 g6
34. b4 gxh5 35. a5 bxa5 36. bxa5 h4 37. a6 h3 38. a7 h2 39. a8=Q+ Kg7 40. f4 Kg6
41. Qg2+ Kf5 42. Qxh2 Kg4 43. Kb3 Kf5 44. Kc4 Kg4 45. Kd4 h5 46. Ke3 h4 47. Qg2+
Kf5 48. Qh3+ Kg6 49. Qxh4 Kg7 50. Qf6+ Kg8 51. f5 exf5 52. Qxf5 Kg7 53. e6 fxe6
54. Qxe6 Kf8 55. Kf4 Kg7 56. Kg5 Kh7 57. Qe7+ Kg8 58. Kg6 Kh8 59. Qg7# 1-0

[Event "Women's Speed Chess Q5"]
[Site "chess.com INT"]
[Date "2020.06.22"]
[Round "10"]
[White "Doluhanova, Evgeniya"]
[Black "Linares Napoles, Oleiny"]
[Result "0-1"]
[WhiteTitle "WGM"]
[BlackTitle "WGM"]
[WhiteElo "2229"]
[BlackElo "2215"]
[WhiteFideId "14112035"]
[BlackFideId "3504794"]
[EventDate "2020.06.22"]

1. Nf3 g6 2. e4 Bg7 3. d4 d6 4. Nc3 Nf6 5. h4 Bg4 6. Be3 Nc6 7. Be2 Bxf3 8. Bxf3
h5 9. Qd2 e5 10. dxe5 Nxe5 11. Be2 O-O 12. O-O-O Re8 13. f3 a6 14. Bg5 Qd7 15.
Qf4 Nh7 16. g4 c6 17. gxh5 gxh5 18. Bh6 Re6 19. Bxg7 Kxg7 20. Rhg1+ Kh8 21. Qf5
Rg8 22. Rxg8+ Kxg8 23. Qxh5 Ng6 24. Rg1 Kh8 25. Qf5 Qe7 26. h5 Ne5 27. f4 Nd7
28. Qg4 Qf8 29. Bc4 Ndf6 30. Qf5 d5 31. exd5 cxd5 32. Nxd5 Qc5 33. Rd1 Qxc4 34.
Nxf6 Rxf6 35. Rd8+ Kg7 36. Qg4+ Kh6 37. Rg8 Qxf4+ 38. Qxf4+ Rxf4 39. Rb8 b5 40.
Rb6+ Rf6 41. Rb7 Kxh5 42. b3 Ng5 43. c4 bxc4 44. bxc4 Rc6 45. Rb4 a5 46. Ra4 Rc5
47. Kd2 f5 48. Ke3 Ne6 49. Kf3 Kg5 50. Kg3 f4+ 51. Kf3 Kf5 0-1

[Event "Women's Speed Chess Q5"]
[Site "chess.com INT"]
[Date "2020.06.22"]
[Round "10"]
[White "Socko, Monika"]
[Black "Nguyen, Thi Thanh An"]
[Result "1/2-1/2"]
[WhiteTitle "GM"]
[BlackTitle "WGM"]
[WhiteElo "2428"]
[BlackElo "2285"]
[WhiteFideId "1106619"]
[BlackFideId "12400300"]
[EventDate "2020.06.22"]

1. d4 Nf6 2. c4 g6 3. Nc3 Bg7 4. e4 d6 5. Bd3 O-O 6. Nge2 Nc6 7. O-O Nd7 8. d5
Nce5 9. b3 Nxd3 10. Qxd3 Nc5 11. Qc2 a5 12. Bb2 e5 13. a3 Na6 14. Nb5 Bd7 15.
Qd2 Nc5 16. Qe3 f5 17. exf5 gxf5 18. Qc3 b6 19. f4 Ne4 20. Qc2 Rf7 21. Rae1 Rc8
22. Ng3 Nxg3 23. hxg3 e4 24. Bxg7 Rxg7 25. Qc3 Qe8 26. Nd4 Qg6 27. Re3 Rf8 28.
Kf2 Qh5 29. Qc1 Rf6 30. Rh1 Qf7 31. Rh4 Rfg6 32. Qc3 Qf6 33. Rh5 Qf7 34. Rh3 Qf6
35. Ne2 Qf7 36. Qd4 Qe7 37. Nc3 Qf7 38. b4 axb4 39. axb4 Qe7 40. Kg1 Rf6 41. Rh5
Rf8 42. Kh2 Qf7 43. Rh4 Ra8 44. c5 bxc5 45. bxc5 Qg6 46. c6 Bc8 47. g4 fxg4 48.
Nxe4 Ra2 49. Rg3 Bf5 50. Nf6+ Kf7 51. Nxg4 Bxg4 52. Rhxg4 Qxg4 53. Rxg4 Rxg4 54.
Qe4 Rgxg2+ 55. Kh3 Rh2+ 56. Kg3 Rag2+ 57. Kf3 Rf2+ 58. Kg3 Rfg2+ 59. Kf3 Rf2+
60. Kg4 Rfg2+ 61. Kf3 1/2-1/2

[Event "Women's Speed Chess Q5"]
[Site "chess.com INT"]
[Date "2020.06.22"]
[Round "10"]
[White "Zimina, Olga"]
[Black "Peycheva, Gergana"]
[Result "0-1"]
[WhiteTitle "IM"]
[BlackTitle "FM"]
[WhiteElo "2378"]
[BlackElo "2255"]
[WhiteFideId "4132190"]
[BlackFideId "2916711"]
[EventDate "2020.06.22"]

1. Nf3 c5 2. c4 Nc6 3. Nc3 g6 4. e3 Nf6 5. d4 cxd4 6. exd4 d5 7. cxd5 Nxd5 8.
Bc4 Nxc3 9. Qb3 Nd5 10. Bxd5 e6 11. Bxc6+ bxc6 12. O-O Bg7 13. Qa3 Qe7 14. Qc3
O-O 15. Bg5 Qd6 16. Rac1 Bb7 17. Rfd1 h6 18. Be3 Qd5 19. b3 Rac8 20. Qc5 Qxc5
21. dxc5 Rfd8 22. Bf4 Bf8 23. Bd6 f6 24. Rd2 Bxd6 25. cxd6 c5 26. Ne1 Rc6 27.
Rcd1 Kf7 28. Nc2 e5 29. Ne3 Ke6 30. d7 Rc7 31. Rd6+ Ke7 32. Ng4 Rcxd7 33. Rxd7+
Rxd7 34. Rxd7+ Kxd7 35. Nxf6+ Ke6 36. Ng4 h5 37. Ne3 Be4 38. Kf1 Bb1 39. a3 Ba2
40. b4 cxb4 41. axb4 e4 42. Ke2 Ke5 43. Kd2 Kd4 44. Kc2 Be6 45. Kb2 Kd3 46. Nc2
Bd5 47. Ne3 Bc6 48. Kb3 Ke2 49. Kc4 Kxf2 50. Nc2 e3 51. b5 Bd7 0-1

[Event "Women's Speed Chess Q5"]
[Site "chess.com INT"]
[Date "2020.06.22"]
[Round "10"]
[White "Filippova, Margarita"]
[Black "Cori T., Deysi"]
[Result "0-1"]
[WhiteTitle "WFM"]
[BlackTitle "WGM"]
[WhiteElo "1931"]
[BlackElo "2388"]
[WhiteFideId "34199680"]
[BlackFideId "3801934"]
[EventDate "2020.06.22"]

1. Nf3 Nf6 2. c4 e6 3. Nc3 d5 4. d4 Be7 5. e3 O-O 6. Qc2 a6 7. Be2 dxc4 8. Bxc4
b5 9. Bd3 Bb7 10. e4 h6 11. O-O c5 12. dxc5 Bxc5 13. Bf4 Nbd7 14. Rfd1 Qb6 15.
Qe2 e5 16. Bg3 Nh5 17. Bxe5 Nxe5 18. Nxe5 Nf4 19. Qf3 Nxd3 20. Nxd3 Bd4 21. Nf4
Rfe8 22. Nfd5 Qc5 23. Rac1 Be5 24. g3 Rac8 25. Ne2 Qf8 26. Nef4 Bxb2 27. Rxc8
Rxc8 28. Qg4 Rd8 29. Nh5 Kh8 30. Nhf4 Be5 31. Rc1 Qa3 32. Rc2 Qa4 33. Re2 Qd1+
34. Kg2 Bxf4 35. Nxf4 Bxe4+ 36. f3 Rd2 37. fxe4 Qc2 38. Rxd2 Qxd2+ 39. Qe2 Qd4
40. e5 g5 41. Nd3 Qd5+ 42. Qf3 Qxa2+ 43. Kh3 Qc4 44. Qf6+ Kg8 45. Qd8+ Kh7 46.
Qd7 Kg6 47. Nf2 Qf1+ 48. Kg4 Qxf2 49. Qc6+ Kh7 50. Qxa6 Qxh2 0-1

[Event "Women's Speed Chess Q5"]
[Site "chess.com INT"]
[Date "2020.06.22"]
[Round "10"]
[White "Hernandez Bonilla, Amelia"]
[Black "Tsukerman, Julia"]
[Result "1/2-1/2"]
[WhiteTitle "WFM"]
[BlackTitle "WCM"]
[WhiteElo "2016"]
[BlackElo "1523"]
[WhiteFideId "3900193"]
[BlackFideId "2621649"]
[EventDate "2020.06.22"]

1. d4 Nf6 2. Nf3 e6 3. e3 d5 4. Bd3 c5 5. c3 Nc6 6. Nbd2 b6 7. Ne5 Bb7 8. f4 Bd6
9. O-O Qc7 10. Qf3 O-O 11. g4 Nd7 12. g5 f6 13. Bxh7+ Kxh7 14. Qh5+ Kg8 15. g6
Rfb8 16. Qh7+ Kf8 17. Qh8+ Ke7 18. Qxg7+ Ke8 19. Qg8+ Nf8 20. Nxc6 Bxc6 21. g7
Qf7 22. gxf8=Q+ Bxf8 23. Qxf7+ Kxf7 24. Nf3 Bd6 25. Bd2 Rg8+ 26. Kf2 Rg7 27. Rg1
Rag8 28. Rxg7+ Rxg7 29. Rg1 cxd4 30. cxd4 Rxg1 31. Kxg1 Kg6 32. Kg2 Bb5 33. Kf2
Bd3 34. a3 Be4 35. b4 Kh5 36. h3 Bf5 37. h4 Be4 38. Be1 Kg4 39. Nd2 Kxh4 40.
Nxe4 dxe4 41. Ke2+ Kg4 42. Kd2 Kf3 43. Bh4 f5 44. Bd8 Bb8 45. Bf6 Kf2 46. a4 Bc7
47. Be7 Bb8 48. a5 bxa5 49. bxa5 Bc7 50. a6 Bb6 51. Bb4 Kf3 52. Bc3 Kg4 53. Bb4
Kh5 54. Kc3 Kg4 55. Kc4 Kf3 56. Bd2 Kf2 57. Kb5 Ke2 58. Bc1 Kd1 59. Ba3 Ke2 60.
Bc1 Kd1 61. Ba3 Ke2 62. Bc1 1/2-1/2